Normal view
MARC view
- DEVANAND U. GORATE
Entry Personal Name
001 - CONTROL NUMBER
- control field: 3542
003 - CONTROL NUMBER IDENTIFIER
- control field: OSt
005 - DATE AND TIME OF LATEST TRANSACTION
- control field: 20181004104757.0
008 - FIXED-LENGTH DATA ELEMENTS
- fixed length control field: 181004|| aca||aabn | a|a d
040 ## - CATALOGING SOURCE
- Original cataloging agency: OSt
- Transcribing agency: OSt
100 ## - HEADING--PERSONAL NAME
- Personal name: DEVANAND U. GORATE
670 ## - SOURCE DATA FOUND
- Source citation: Work cat.: (OSt)14941: DEVANAND U. GORATE, Optimal planning of wind farms using wera model integrated with GIS
